Pink Panther Films Quiz Stats

 Plays Quiz Updated Apr 2, 2020

     
Support Sporcle.
Go Orange.
Score 0/8 Timer 04:00
1 Play Today
Inspector Portrayer Film % Correct
Peter SellersThe Pink Panther
98.5%
Peter SellersThe Return of the Pink Panther
79.5%
Peter SellersA Shot in the Dark
62%
Peter SellersRevenge of the Pink Panther
58.7%
Peter SellersThe Pink Panther Strikes Again
50.2%
Roberto Benigni*Son of the Pink Panther
42.7%
Ted WassCurse of the Pink Panther
28.3%
Peter SellersTrail of the Pink Panther
27.9%

From the Vault

Can It Spell: Bible

by jrage2009

Religion 60s
If you can spell Ecclesiastes, we're impressed.
Remove Ads.
Support Sporcle.
Get the best of Sporcle when you Go Orange. This ad-free experience offers more features, more stats, and more fun while also helping to support Sporcle. Thank you for becoming a member.

Show Comments

Extras

Top Quizzes Today


Score Distribution

Your Account Isn't Verified!

In order to create a playlist on Sporcle, you need to verify the email address you used during registration. Go to your Sporcle Settings to finish the process.

Report this User

Report this user for behavior that violates our Community Guidelines.

Details: